000 00881nac a22003250a 4500
001 PT53483
003 AR-LpoUNG
005 20210201005525.0
008 201001s2014||||ag |||||||||||||||||spa d
020 _a9789507322273
_c$10
040 _aAR-LpoUNG
_bspa
_eaacr
041 _aspa
044 _aag
082 0 _a808.068 3 673v1
100 1 _aLewis, C. S.
245 1 3 _aEl sobrino del mago
250 _a1ra ed.
260 _aBuenos Aires :
_bDestino,
_c2014.
300 _a252 p. :
_bil.
_a(7
_fVolúmenes)
_3Impreso
490 0 _aLas crónicas de Narnia
505 0 _aSugerido a partir de 14 años (etiqueta VERDE)
650 4 _aLITERATURA
650 4 _aNOVELAS
651 4 _aDOCUMENTOS TEORICOS O METODOLOGICOS
653 _aLITERATURA INFANTOJUVENIL
700 1 _aBaynes, Pauline
_eil.
700 1 _aGallart, Gemma
_etr.
905 _a53483
942 _cLIB
999 _c50025
_d50025